| 000 | 00899nam0a2200253 4500 | ||
|---|---|---|---|
| 001 | RU\NLR\BIBL_A\011639193 | ||
| 005 | 20230914145142.0 | ||
| 035 | _a(NLR Aleph) 011639193 | ||
| 090 |
_a11070636 _c11070636 |
||
| 100 | _a20180220d1968 m y0rusy50 ca | ||
| 101 | 0 | _aabk | |
| 102 | _aRU | ||
| 105 | _ay z 000gy | ||
| 200 | 1 |
_aАцәқурҧақуа гуаҭеиуеит _fҶиҷико Џьонуа |
|
| 210 |
_aАҟәа _cАлашара _d1968 |
||
| 215 |
_a79, [1] с. _d17 |
||
| 541 | 1 |
_6z01790 _aБеспокойные волны _zrus _eстихи |
|
| 686 | 1 | _aШ6(2=Аб)7-5 | |
| 700 | 1 |
_aЏьонуа _bҶ. М. _f1915-1975 _gҶиҷико Михаил-иҧа _4070 |
|
| 790 | 1 |
_aДжонуа _bЧ. М. _f1915-1975 _gЧичико Михайлович _4070 |
|
| 852 |
_aNLR _bОНЛ _jАбхаз./2-455 |
||
| 942 | _cBOOK | ||
| 980 | _aNB | ||